00483nam a22001577a 450000500170000001000150001702000290003203500140006103700130007508200160008810000230010424500760012726000450020327000570024830000200030520220525110350.0 aENG-132802 a978-9381632-47-5c700.00 aEN-116334 bDBAD/PUB a305.4095452 aSharma Vijay Kumar aChanging face of Rural Women in Himachal Himalayas/cVijay Kumar Sharma aNew DelhibSatyam Publishing Housec2013 bNew DelhiaN-3/25, Mohan Garden, Uttam Nagare110059 a188pc22cm(hbk)